• 首页
  • 本馆介绍
  • 公告通知
  • 最新文献
  • 馆藏检索
  • 电子资源
  • 读者导购
  • 参考咨询
  • 我的图书馆
  • 登录
  • 详细信息显示
  • 放入我的书架
  • 预约/预借图书
  • 作者相关作品
  • 分类相关作品
  • 丛书相关作品
  • 出版社相关作品

书目信息

  • 表格格式
  • 工作单格式
  • 卡片格式
题名:
视觉心理学
    
 
作者: 格列高里 著 ;彭聃龄 , 杨栚 译
分册:  
出版信息: 北京   北京师范大学出版社  1986
页数: 226页
开本: 20cm
丛书名: 世界大学丛书
单 册:
中图分类: B842.2
科图分类:
主题词: 表象(心理学) , 想象
电子资源:
ISBN:
000 00815nam2 2200289 45
001 0186019941
005 20050323145717.1
010    @dCNY1.35
091    @a7243.328
100    @a19900724d1986 emky0chiy0121 ea
101 1  @achi@ceng
102    @aCN@b110000
105    @ay z 000yy
200 10 @a视觉心理学@Ashi jiao xin li xue@f(英)R·L·格列高里著@F(Ying)R·L·Ge Lie Gao Li Zhu@g彭聃龄,杨栚译
210    @a北京@c北京师范大学出版社@d1986
215    @a226页@d20cm
225 2  @a世界大学丛书
410  0 @120010@a世界大学丛书
606    @a表象(心理学)
606 0  @a想象
690    @aB842.2@v3
701  0 @a格列高里@4著
702  0 @a彭聃龄@APeng Dan Ling@4译
702  0 @a杨栚@AYang Zhen@4译
801  0 @aCN@b深圳图书馆@c20040427
801  2 @aCN@bNLC@c20040427
905    @dB842.2@e155@f1@b171027
    
    视觉心理学/(英)R·L·格列高里著/彭聃龄,杨栚译.-北京:北京师范大学出版社,1986
    226页;20cm.-(世界大学丛书)
    
    
    ISBN :CNY1.35
    
●
相关链接 在E读中查询图书 在五车中查询图书 在当当中查询图书 在豆瓣中查询图书


正题名:视觉心理学     索取号:B842.2/155         预约/预借

序号 登录号 条形码 馆藏地/架位号 状态 备注
1 0171026   000525006   密集书库/ [索取号:B842.2/155] 在馆    
2 0171027   001987247   第一借阅区/ [索取号:B842.2/155] 在馆    
3 0171028   001764077   密集书库/ [索取号:B842.2/155] 在馆    
4 0241428   001727894   密集书库/ [索取号:B842.2/155] 在馆    
5 0241429   001663248   密集书库/ [索取号:B842.2/155] 在馆    
6 0241430   000524926   密集书库/ [索取号:B842.2/155] 在馆    
7 0241431   000524962   第一样本阅览室/ [索取号:B842.2/155] 在馆    
唐山师范学院图书馆 欢迎您!
大连网信软件有限公司© 版权所有